Normal view
MARC view
- Pellizzari,Edo D.
Entry Personal Name
001 - CONTROL NUMBER
- control field: 6265
003 - CONTROL NUMBER IDENTIFIER
- control field: NUST
005 - DATE AND TIME OF LATEST TRANSACTION
- control field: 20171109122345.0
008 - FIXED-LENGTH DATA ELEMENTS
- fixed length control field: 171109|| aca||aabn | a|a d
040 ## - CATALOGING SOURCE
- Original cataloging agency: NUST
- Transcribing agency: NUST
100 ## - HEADING--PERSONAL NAME
- Personal name: Pellizzari,Edo D.
670 ## - SOURCE DATA FOUND
- Source citation: Work cat.: (NUST): Pellizzari,Edo D., Arsenic Contribution From Dietary Sources, 2003
